Gemälde von Leonardo da Vinci - Statistiken

Allgemein
  • Dieses Quiz wurde 24 mal gespielt
  • Das Durchschnittsergebnis liegt bei 2 aus 20
Antwortstatistiken
Bildquiz Hint Antwort % Korrekt
um 1503–1506, Louvre, Paris Bildnis der Mona Lisa
100%
um 1513–1516, Louvre, Paris Johannes der Täufer
23%
um 1494–1498, Kloster Santa Maria delle Grazie, Mailand Das letzte Abendmahl
18%
um 1483–1490, Nationalmuseum, Krakau Dame mit dem Hermelin
14%
um 1483–1486, Louvre, Paris Die Felsgrottenmadonna (1. Version)
9%
um 1493–1508, National Gallery, London Die Felsgrottenmadonna (2. Version)
9%
um 1510–1515, Louvre, Paris Bacchus
5%
um 1501, verschollen Madonna mit der Spindel
5%
um 1508–1510, Louvre, Paris Anna selbdritt
0%
um 1474–1478, National Gallery of Art, Washington Bildnis der Ginevra de’ Benci
0%
um 1480, Vatikanische Museen, Vatikan Der heilige Hieronymus
0%
um 1481, Uffizien, Florenz Die Anbetung der Könige aus dem Morgenland
0%
um 1503–1506, verschollen, ursprünglicher Standort als Wandbild im Palazzo Vecchio, Florenz. Die Schlacht von Anghiari
0%
um 1472–1475, Uffizien, Florenz Die Taufe Christi (mit Andrea del Verrocchio)
0%
m 1472–1475, Uffizien, Florenz Die Verkündigung
0%
1499–1500, Louvre, Paris Karton für Porträt Isabella d'Este
0%
um 1508, Galleria nazionale di Parma, Parma La Scapigliata
0%
um 1503–1508, verschollen Leda mit dem Schwan
0%
um 1475–1478, Eremitage, St. Petersburg Madonna Benois
0%
um 1473–1478, Alte Pinakothek, München Madonna mit der Nelke
0%
Keine übereinstimmenden Quizze gefunden
Verteilung der Resultate
Anzahl Personen mit jedem Resultat
Perzentil nach korrekt beantworteten Fragen
Ihre Resultats-Entwicklung
Sie haben dieses Quiz noch nicht gespielt